| 000 | 02528cam a22004218i 4500 | ||
|---|---|---|---|
| 001 | 22329912 | ||
| 003 | JO-AjAnu | ||
| 005 | 20240501093927.0 | ||
| 008 | 211201s2022 nyu b 001 0 eng | ||
| 010 | _a 2021058542 | ||
| 020 |
_a9780367741976 _q(hardback) |
||
| 020 |
_a9780367741983 _q(paperback) |
||
| 020 |
_z9781003156536 _q(ebook) |
||
| 040 |
_aDLC _beng _erda _cDLC _dJO-AjAnu |
||
| 041 | 0 |
_aeng _heng |
|
| 042 | _apcc | ||
| 050 | 0 | 0 |
_aP118 _b.I23 2022 |
| 082 | 0 | 0 |
_a401/.93 _223/eng/20220208 |
| 100 | 1 |
_aIbbotson, Paul, _eauthor. |
|
| 245 | 1 | 0 |
_aLanguage acquisition : _bthe basics / _cPaul Ibbotson. |
| 250 | _afirst published | ||
| 263 | _a2206 | ||
| 264 | 1 |
_aNew York, NY : _bRoutledge, _c2022. |
|
| 300 | _apages cm. | ||
| 336 |
_atext _btxt _2rdacontent |
||
| 337 |
_aunmediated _bn _2rdamedia |
||
| 338 |
_avolume _bnc _2rdacarrier |
||
| 490 | 0 | _aThe basics | |
| 504 | _aIncludes bibliographical references and index. | ||
| 520 |
_a"Language Acquisition: The Basics is an accessible introduction to the must-know issues in child language development. Covering key topics drawn from contemporary psychology, linguistics and neuroscience, readers are introduced to fundamental concepts, methods, controversies, and discoveries. It follows the remarkable journey children take; from becoming sensitive to language before birth, to the time they string their first words together; from when they use language playfully, to when they tell stories, hold conversations, and share complex ideas. Using examples from seventy-three different languages, Ibbotson sets this development in a diverse cross-cultural context, as well as describing the universal psychological foundations that allow language to happen. This book, which includes further reading suggestions in each chapter and a glossary of key terms, is the perfect easy-to-understand introductory text for students, teachers, clinicians or anyone interested in language development. Drawing together the latest research on typical, atypical and multilingual development, it is the concise beginners guide to the field"-- _cProvided by publisher. |
||
| 650 | 0 | _aLanguage acquisition. | |
| 650 | 0 |
_aChild psychology. _9129 |
|
| 650 | 0 | _aChild development. | |
| 776 | 0 | 8 |
_iOnline version: _aIbbotson, Paul. _tLanguage acquisition _dNew York, NY : Routledge, 2022 _z9781003156536 _w(DLC) 2021058543 |
| 906 |
_a7 _bcbc _corignew _d1 _eecip _f20 _gy-gencatlg |
||
| 942 |
_2lcc _cBK _n0 |
||
| 999 |
_c33481 _d33481 |
||